000 00970cam a22003137a 4500
003 CHAP
005 20220817042857.0
008 971013s1995 r 00010 d
010 _a58568
011 _a59540
035 _a63699
040 _cCHAP
082 _a632.93
_bF3f v.117
110 _aFAO
245 1 0 _aSemences de qualité déclarée
260 _aRome :
_bFAO,
_c1995
300 _a222 p.
490 0 _aFAO. Producción y protección vegetal
_v; 117
590 _aBATCH-UPD
_b10
_c20130110
_lUCH01
_h0839
590 _aBATCH-UPD
_b10
_c20130410
_lUCH01
_h0517
590 _aBATCH-UPD
_b10
_c20130914
_lUCH01
_h1428
590 _aCONVERSION
_b10
_c20130109
_lUCH01
_h1331
650 1 4 _aSemillas
_xCertificación.
_9103883
650 1 4 _aSemillas
_xNormas de calidad.
_9103921
830 0 _aFAO. Producción y protección vegetal
_v; 117
_939654
901 _aBK
942 _cLIBRO
949 _a632.93 F3f v.117
_bBC
_cFAO
_d33724000396123
_eFAO1
_h89931
_i63699
_si
999 _c58568
_d58568